Every Operating Rail Line in Greater Tokyo Area - Statistics

General Stats
  • This quiz has been taken 138 times
    136 since last reset
  • The average score is 77 of 167
Answer Stats
System Line % Correct
JR East Yamanote Line
91%
Tokyo Metro Ginza Line
89%
Tokyo Metro Marunouchi Line
89%
Toei Subway Oedo Line
86%
JR East Chuo Line Rapid
84%
JR East Chuo Main Line
84%
Seibu Railway | Toei Subway Shinjuku Line
84%
Tokyo Metro Hanzomon Line
82%
Toyo Rapid Railway Toyo Rapid Railway Line
82%
Tokyo Metro Tozai Line
82%
Tokyo Metro Chiyoda Line
80%
Tokyo Metro Hibiya Line
80%
New Transit Yurikamome Yurikamome Line
80%
JR East Airport Branch
77%
Toei Subway Asakusa Line
77%
Tokyo Metro Fukutoshin Line
77%
Seibu Railway Seibu-Yurakucho Line
77%
Odakyu Electric Railway Tama Line
77%
Tama Urban Monorail Tama Urban Monorail
77%
JR East Yokohama Line
77%
Tokyo Metro Yurakucho Line
77%
JR East Abiko Branch
75%
JR East Narita Line
75%
Keisei Electric Railway Narita Sky Access
75%
Keio Keio Line
73%
Toei Subway Mita Line
73%
Tokyo Metro Namboku Line
73%
JR East Utsunomiya Line
73%
JR East Keihin-Tohoku Line
70%
Keikyu Keikyu Main Line
70%
Nippori-Toneri Liner Nippori-Toneri Liner
70%
Saitama Rapid Railway Saitama Rapid Railway Line
70%
Keisei Electric Railway Chiba Line
68%
Seibu Railway Ikebukuro
68%
Enoden Enoshima Dentetsu Line
66%
Odakyu Electric Railway | Shonan Monorail Enoshima Line
66%
Tokyo Monorail Haneda Airport Line
66%
Hokuso Railway Hokuso Line
66%
Tokyo Waterfront Area Rapid Transit Rinkai Line
66%
JR East Shonan-Shinjuku Line
66%
JR East Takasaki Line
66%
Hakone Tozan Line Tetsudo Line
66%
JR East Yokosuka Line
66%
Chichibu Railway Chichibu Main Line
64%
Fuji Kyuko Fujikyuko Line
64%
Keisei Electric Railway Keisei Main Line
64%
Hakone Tozan Line Kosaku Line
64%
Hitachinaka Seaside Railway Minato Line
64%
Yokohama Minatomirai Railway Minatomirai Line
64%
Seibu Railway Seibu-Chichibu Line
64%
Tokyu Railway Den-en-toshi Line
61%
Isumi Railway Isumi Line
61%
JR East Joban Line
61%
JR East Joban Line Local
61%
JR East Joban Line Rapid
61%
Jomo Electric Railway Jomo Line
61%
Shibayama Railway Shibayama Railway Line
61%
JR East Sobu Line Rapid
61%
JR East Sobu Main Line
61%
Tokyu Railway Toyoko Line
61%
Choshi Electric Railway Choshi Electric Railway Line
59%
Tokyu Railway Meguro Line
59%
Tobu Railway Utsunomiya Line
59%
JR East Chuo-Sobu Line
57%
JR East Kashima Line
57%
Moka Railway Mooka Line
57%
JR East Saikyo Line
57%
Tobu Railway Skytree Line
57%
Joshin Electric Railway Joshin Line
55%
Kominato Railway Kominato Tetsudo Line
55%
Sotetsu Sotetsu Main Line
55%
JR East Tokaido Main Line
55%
Maihama Resort Line Disney Resort Line
52%
JR East Hama-Kawasaki Branch
52%
JR East Keiyo Line
52%
JR East Musashino Line
52%
JR East Nambu Line
52%
Odakyu Electric Railway Odawara Line
52%
JR East Ueno-Tokyo Line
52%
Yokohama Municipal Subway Blue Line
50%
Keio Inokashira Line
50%
Keikyu Airport Line
48%
Tokyo Toden Arakawa Line
48%
Izu Hakone Railway Daiyuzan Line
48%
Tobu Railway Tojo Main Line
48%
Yokohama Municipal Subway Green Line
45%
JR East Ome Line
45%
Metropolitan Intercity Railway Tsukuba Express
45%
Watarase Keikoku Railway Watarase Keikoku Line
45%
JR East Kawagoe Line
43%
JR East Negishi Line
43%
JR East | Tobu Railway Nikko Line
43%
Tokyu Railway Oimachi Line
39%
Sotetsu | Tokyu Railway Shin-Yokohama Line
39%
JR East Hachiko Line
36%
Tokyu Railway Ikegami Line
36%
Tokyu Railway Setagaya Line
36%
JR East Sotobo Line
36%
Seibu Railway | Tokyu Railway Tamagawa Line
36%
Tobu Railway Noda Line
34%
JR East Sagami Line
34%
Chiba Urban Monorail Chiba Urban Monorail Line 1
32%
Chiba Urban Monorail Chiba Urban Monorail Line 2
32%
Saitama New Urban Transit Ina Line
32%
Tobu Railway Isesaki Line
32%
JR East Itsukaichi Line
32%
Tokyu Railway Kodomonokuni Line
32%
JR East Okawa Branch
32%
JR East Tsurumi Line
32%
JR East Uchibo Line
32%
JR East Umi-Shibaura Branch
32%
Keikyu | Tobu Railway Daishi Line
30%
Keio Takao Line
30%
JR Central Gotemba Line
27%
JR East Ito Line
27%
JR East Ryomo Line
27%
Keikyu Kurihama Line
25%
Keisei Electric Railway Oshiage Line
25%
Tobu Railway Kameido Line
23%
JR East Sotetsu Direct Line
23%
Keikyu Zushi Line
23%
Yagan Railway Aizu Kinugawa Line
20%
Sotetsu Izumino Line
20%
Tobu Railway Kinugawa Line
20%
JR East Mito Line
20%
Keio Sagamihara Line
20%
Keio Dobutsuen Line
18%
Yokohama Seaside Line Kanazawa Seaside Line
18%
Keio Keio New Line
18%
Seibu Railway Kokubunji Line
18%
JR Central Minobu Line
18%
Ryutetsu Nagareyama Line
18%
Tobu Railway Ogose Line
18%
JR East Joetsu Line
16%
Keisei Electric Railway Matsudo Line
16%
Tobu Railway Kiryu Line
14%
Seibu Railway Toshima Line
14%
Seibu Railway Yamaguchi Line
14%
Yamaman ‎Yukarigaoka Line
14%
Kanto Railway Joso Line
11%
Kashima Rinkai Railway Oarai Kashima Line
11%
Tobu Railway Sano Line
11%
Seibu Railway Seibuen Line
11%
Seibu Railway Tamako Line
11%
JR East Togane Line
11%
JR East Agatsuma Line
9%
Keisei Electric Railway Chihara Line
9%
Seibu Railway Haijima Line
9%
Keisei Electric Railway Kanamachi Line
9%
JR East Karasuyama Line
9%
JR East Kururi Line
9%
Seibu Railway Sayama Line
9%
Keisei Electric Railway Higashi-Narita Line
7%
JR East Hitachi-Ota Branch
7%
Keio Keibajo Line
7%
JR East Koumi Line
7%
Kanto Railway Ryugasaki Line
7%
JR East Shinetsu Main Line
7%
JR East Suigun Line
7%
Tobu Railway Koizumi Line
5%
No matching quizzes found
Score Distribution
Percent of People with Each Score
Percentile by Number Answered
Your Score History
You have not taken this quiz since the last reset